Estadísticas para Países más Pobres con Excepciones

Haz click aquí para intentar la prueba.

Estadísticas generales

  • Esta prueba ha sido intentada 4.067 veces
    (3.284 desde el último reinicio)
  • La puntuación promedio es 12 de 20

Estadísticas de respuestas

$País% Correcto
1,570Corea del Norte
82%
1,820Haití
78%
1,900Afganistán
69%
2,750Siria
68%
6,510Laos
67%
5,380Pakistán
67%
7,050India
66%
4,170Bangladés
65%
2,630Nepal
64%
6,780Vietnam
64%
4,020Camboya
63%
3,760Kirguistán
60%
3,120Tayikistán
60%
6,980Uzbekistán
60%
2,630Yemen
58%
6,270Myanmar
56%
4,920Honduras
54%
5,760Nicaragua
53%
4,990Moldavia
45%
3,840Timor Oriental
41%

Distribución de puntuación

Porcentaje por número respondido

Porcentaje de gente con cada puntuación

Historial de tus puntuaciones

No has intentado esta prueba desde el último reinicio